000
00305nam a2200121Ia 4500
005
20251222155045.0
008
251222s9999||||xx |||||||||||||| ||spa||
082
_a
EDUM.15
100
_a
SANCHEZ C.Hugo.
245
0
_a
Capacidades competencias e inteligencias e inteligencia
264
_b
URP
942
_c
LIB
999
_c
37074
_d
37074